Examen del niño con disfunción encefálica mínima /

Los procedimientos diagnósticos descritos en la obra son principalmente físicos y de conducta espontánea en el niño, y amplian el examen neurológico tradicional.

Na minha lista:
Detalhes bibliográficos
Autor principal: Touwen, Bert C.L (autor)
Formato: Livro
Idioma:espanhol
Publicado em: México : Panamericana, 1998, c1998
Edição:2a edición
Colecção:(Educación Especial)
Assuntos:
Tags: Adicionar Tag
Sem tags, seja o primeiro a adicionar uma tag!

MARC

LEADER 00000nam^a2200000^a^4500
001 000094620
005 20250521000000.0
009 20260310092841.277
020 |a 968-7988-26-6 
037 |a Acervo ITESO - Biblioteca 
041 |a ESP 
082 |a 371. 92  |b TOU 
100 |a Touwen, Bert C.L.  |e (autor) 
245 1 0 |a Examen del niño con disfunción encefálica mínima /  |c B.C.L. Touwen ; tr. por Carlos Wernicke. 
250 |a 2a edición 
264 4 |a México :  |b Panamericana,  |c 1998, c1998 
300 |a 174 p. 
336 |a texto  |b txt  |2 rdacontenido 
337 |a sin mediación  |b n  |2 rdamedio 
338 |a volumen  |b nc  |2 rdasoporte 
440 1 |a (Educación Especial) 
500 |a Traducción de: Examination of the child with minor neurological dysfunction 
520 |a Los procedimientos diagnósticos descritos en la obra son principalmente físicos y de conducta espontánea en el niño, y amplian el examen neurológico tradicional. 
649 |a XX 
650 |a Parálisis Cerebral 
650 |a Problemas de Aprendizaje 
650 |a Educación Especial 
650 |a Neuropsicología 
650 |a Psicopatología -  |x Diagnóstico 
650 |a Psicometría 
650 |a Psicología Clínica 
650 |a Neurología 
650 |a Medicina 
910 |a Fondo General 
920 |a Impresos - Libros 
930 |a Colección General 
905 |a 101 
901 |a 0500029697  |b IT1  |c ACC  |u 20250521 
902 |a https://opac.biblio.iteso.mx/vufind/Record/000094620